000 00549nam a2200193Ia 4500
003 GCL
008 140319s9999 xx 000 0 ara d
040 _aGCL /
_cGCL
082 0 4 _a301.01
_bم ن
100 1 _aمحمود محمود
245 1 0 _aنفسية المجتمع /
_cمحمود محمود
700 1 _aموريس جينزبرج
700 1 _aعبدالعزيز عبدالحق
300 _a235 ص
490 _aالالف كتاب
_v0
650 0 4 _aالمجتمع
650 0 4 _aالشخصية الاجتماعية
942 _2ddc
_cBK
999 _c43542
_d43542